Sports Quiz

Random Sports or Basketball Quiz

New York Knicks All-Time Leaders Quiz Stats

 Plays Quiz Updated May 17, 2021

Support Sporcle.
Go Orange.
Score 0/50 Timer 06:00
30 Plays Today
Hint Answer % Correct
PointsPatrick Ewing
94.1%
ReboundsPatrick Ewing
94.1%
StealsPatrick Ewing
94.1%
BlocksPatrick Ewing
94.1%
PointsWalt Frazier
73.7%
ReboundsWalt Frazier
73.7%
AssistsWalt Frazier
73.6%
StealsWalt Frazier
73.6%
StealsJohn Starks
70.5%
AssistsJohn Starks
70.5%
PointsWillis Reed
69.4%
ReboundsWillis Reed
69.4%
ReboundsCharles Oakley
60.9%
StealsCharles Oakley
60.9%
StealsMark Jackson
60.1%
AssistsMark Jackson
60.1%
PointsAllan Houston
56.9%
PointsCarmelo Anthony
54.8%
BlocksCharles Smith
47.9%
PointsEarl Monroe
47.7%
BlocksAmar'e Stoudemire
45.2%
PointsBill Bradley
40.7%
AssistsBill Bradley
40.7%
ReboundsDave DeBusschere
40%
BlocksKristaps Porzingis
32.7%
Hint Answer % Correct
StealsRay Williams
30%
AssistsRay Williams
30%
BlocksMarcus Camby
26.2%
ReboundsKurt Thomas
23.1%
BlocksKurt Thomas
23.1%
StealsCharlie Ward
22.9%
AssistsCharlie Ward
22.9%
BlocksBill Cartwright
21.9%
StealsMicheal Ray Richardson
20.9%
AssistsMicheal Ray Richardson
20.9%
PointsDick Barnett
17.5%
PointsRichie Guerin
16.9%
AssistsRichie Guerin
16.9%
ReboundsJohnny Green
11.1%
StealsGerald Wilkins
10.1%
BlocksKyle O'Quinn
9.2%
AssistsDick McGuire
9.1%
ReboundsHarry Gallatin
8.9%
PointsCarl Braun
8.6%
AssistsCarl Braun
8.6%
StealsTrent Tucker
7.9%
BlocksMarvin Webster
6.5%
BlocksMitchell Robinson
6.4%
ReboundsWillie Naulls
6.3%
ReboundsNathanial Clifton
4.5%

You're not logged in!

Compare scores with friends on all Sporcle quizzes.
OR
Log In

From the Vault

Countries Larger Than Kyrgyzstan

by jackmerlin

A country so great that you could never measure it by spreading your arms, no matter how hard you try.
Remove Ads.
Support Sporcle.
Get the best of Sporcle when you Go Orange. This ad-free experience offers more features, more stats, and more fun while also helping to support Sporcle. Thank you for becoming a member.

Show Comments

Extras

Top Quizzes Today


Score Distribution

Your Account Isn't Verified!

In order to create a playlist on Sporcle, you need to verify the email address you used during registration. Go to your Sporcle Settings to finish the process.

Report this User

Report this user for behavior that violates our Community Guidelines.

Details: